[Event "BL2-O9495"]
[Site "Germany"]
[Date "1995.??.??"]
[Round "?"]
[White "Bode, Ulf"]
[Black "Ochs, Holger"]
[Result "1-0"]
[WhiteElo "2240"]
[BlackElo "2190"]

1.d4 d5 2.c4 Nc6 3.Bg5 h6 4.Bh4 Bg4 5.Nc3 dxc4 6.d5 Na5 7.Qa4+ c6 8.b4 b5
9.Qxa5 Qxa5 10.bxa5 b4 11.dxc6 bxc3 12.e4 Be6 13.Ne2 g5 14.Bg3 Bg7 15.e5 O-O-O
16.Nxc3 h5 17.Rb1 Kc7 18.Nb5+ Kxc6 19.Nxa7+ Kc7 20.a6 Rb8 21.Nb5+ Rxb5 22.Rxb5 h4
23.Be2 hxg3 24.Bf3 Bxe5 25.Rxe5 Kb6 26.O-O  1-0

[Event "BL2-O9495"]
[Site "Germany"]
[Date "1995.??.??"]
[Round "?"]
[White "Mirschinka, Dirk"]
[Black "Ochs, Holger"]
[Result "1-0"]
[WhiteElo "2270"]
[BlackElo "2190"]

1.d4 d5 2.c4 Nc6 3.Nf3 Bg4 4.Nc3 e6 5.Bf4 dxc4 6.e3 Bd6 7.Bg3 Nge7 8.Bxc4 Nf5
9.d5 Nxg3 10.hxg3 exd5 11.Bxd5 Qd7 12.Qb3 Nb4 13.O-O-O Nxd5 14.Qxd5 Qc6 15.Qxc6+ bxc6
16.Rd4 Bxf3 17.gxf3 O-O-O 18.Rc4 Kb7 19.Ne2 Kb6 20.Nd4 Bc5 21.Nb3 Be7 22.e4 h5
23.Nd4 c5 24.Nf5 Bf6 25.f4 Bd4 26.Rc2 g6 27.Nh4 c4 28.Nf3 c5 29.Rd1 Kb5 30.Rcd2 Bf6
31.e5 Be7 32.Rd7 Rhe8 33.Rxa7 Rxd1+ 34.Kxd1 Kb6 35.Rd7 Kc6 36.Rd2 Ra8 37.e6 f6
38.Nh4 g5 39.Nf5 Re8 40.Rd7 Bd8 41.Ne3 gxf4 42.gxf4 h4 43.f5 Rh8 44.Ke2 h3
45.Rd1 h2 46.Rh1 Bc7 47.Ng4 Rb8 48.Nxf6 Rxb2+ 49.Ke3 Bd6 50.Ne4 Rxa2 51.Nxd6 Kxd6
52.Rxh2 c3 53.Kd3 c2 54.Kd2 Ke5 55.Rh8 Kf6 56.Rf8+ Ke7 57.Rf7+ Ke8 58.Rc7 c1=Q+
59.Kxc1 Rxf2 60.Rxc5 Ke7 61.Re5 Rg2 62.f6+ Kxf6 63.e7 Kxe5 64.e8=Q+ Kf4 65.Kd1 Rf2
66.Ke1 Rb2 67.Qa4+ Kf5 68.Qd4 Rh2 69.Kf1 Rh1+ 70.Kg2 Rh6 71.Qd5+ Kf6 72.Kf3 Rh1
73.Qb5 Rh4 74.Qc6+ Ke5 75.Qe8+ Kf5 76.Qf7+ Kg5 77.Qe7+ Kh5 78.Qd8  1-0

[Event "BL9495 (Women)"]
[Site "Germany"]
[Date "1995.??.??"]
[Round "203"]
[White "Goehler, Antje"]
[Black "Bandziene, Rasa"]
[Result "1/2-1/2"]
[WhiteElo "2170"]
[BlackElo "2125"]

1.d4 d5 2.c4 Nc6 3.Nf3 e5 4.e3 exd4 5.Nxd4 Nxd4 6.Qxd4 dxc4 7.Qxd8+ Kxd8
8.Bxc4 Bb4+ 9.Bd2 Bxd2+ 10.Nxd2 Ke7 11.O-O Nf6 12.Rad1 Be6 13.Bxe6 fxe6 14.Nb3 Rhd8
15.Rc1 Ne8 16.Rfd1 Rd6 17.Rxd6 cxd6 18.Kf1 Kd7 19.Nd4 e5 20.Nb5  1/2-1/2

[Event "BL2-W9495"]
[Site "Germany"]
[Date "1995.??.??"]
[Round "?"]
[White "Kohlweyer, Bernd"]
[Black "Kalka, Arkadius Georg"]
[Result "1-0"]
[WhiteElo "2435"]
[BlackElo "2325"]

1.d4 d5 2.c4 Nc6 3.Nc3 Nf6 4.cxd5 Nxd5 5.Nf3 Bg4 6.e4 Nb6 7.d5 Nb8 8.Qb3 Bxf3
9.gxf3 g6 10.a4 Qc8 11.h4 Bg7 12.Bh3 N6d7 13.Be3 O-O 14.h5 b6 15.hxg6 hxg6
16.f4 Qd8 17.O-O-O Na6 18.e5 Ndc5 19.Qc4 Qe8 20.f5 Bxe5 21.fxg6 fxg6 22.b4 Nxa4
23.Be6+ Rf7 24.Qh4 Kf8 25.Bh6+ Bg7 26.Bxg7+ Kxg7  1-0

[Event "NRW-Liga I 9495"]
[Site "Germany"]
[Date "1995.??.??"]
[Round "?"]
[White "Berg, Michael"]
[Black "Pinkas, Karol"]
[Result "0-1"]
[WhiteElo "2260"]
[BlackElo "2335"]

1.d4 d5 2.c4 Nc6 3.Nf3 Bg4 4.cxd5 Bxf3 5.gxf3 Qxd5 6.e3 e5 7.Nc3 Bb4 8.Bd2 Bxc3
9.bxc3 exd4 10.cxd4 Nf6 11.Be2 O-O 12.O-O Rad8 13.a4 Rd6 14.Rc1 Qh5 15.Kh1 Qh4
16.Rg1 Qxf2 17.Rg2 Qh4 18.Bb5 Rfd8 19.Bxc6 bxc6 20.Bb4 Re6 21.e4 Nh5 22.Rc5 Nf4
23.Rg4 Qf2 24.Rcg5 Rg6 25.Rxg6 hxg6 26.Bc5 Ne6 27.Rg2 Qe3 28.Bxa7 c5 29.d5 Nf4
30.Rb2 Nd3 31.Rc2 Nf2+ 32.Rxf2 Qxf2 33.Qd3 Ra8 34.Qa6 Qxf3+ 35.Kg1 Qe3+ 36.Kf1 Re8
37.Qc6 Qxe4  0-1

[Event "Gyongyos op "]
[Site "Gyongyos"]
[Date "1995.??.??"]
[Round "?"]
[White "Chetverik, Maxim"]
[Black "Pinkas, Karol"]
[Result "0-1"]
[WhiteElo "2305"]
[BlackElo "2390"]

1.d4 d5 2.c4 Nc6 3.Nf3 Bg4 4.cxd5 Bxf3 5.dxc6 Bxc6 6.Nc3 e6 7.e4 Bb4 8.f3 Qh4+
9.g3 Qf6 10.Be3 O-O-O 11.Bd3 Ba5 12.O-O Bb6 13.e5 Qe7 14.Be4 Bxe4 15.Nxe4 f5
16.exf6 Nxf6 17.Re1 e5 18.Nxf6 Qxf6 19.d5 Bxe3+ 20.Rxe3 Qb6 21.Qb3 Rxd5 22.Qxb6 axb6
23.Rae1 Rd2 24.R1e2 Rxe2 25.Rxe2 Re8 26.f4 Kd7 27.fxe5 Ke6 28.Kf2 Ra8 29.a3 Ra5
30.Kf3 Rxe5 31.Rd2 Rd5 32.Re2+ Kd6 33.Re8 Rf5+ 34.Kg2 Rf7 35.g4 b5 36.h4 Kd5
37.Kg3 c5 38.g5 Kc4 39.h5 Kb3 40.Re2 c4 41.Kg4 b4 42.axb4 b5 43.g6 hxg6 44.hxg6 Rf8
45.Kg5 Kxb4 46.Rd2 Kb3 47.Re2 b4 48.Rd2 Rf1  0-1

[Event "Hajduboszormeny IM"]
[Site "Hajduboszormeny"]
[Date "1995.??.??"]
[Round "5"]
[White "Lengyel, Ferenc"]
[Black "Kakuk, Sandor"]
[Result "1-0"]
[WhiteElo "2320"]
[BlackElo "2240"]

1.d4 d5 2.c4 Nc6 3.cxd5 Qxd5 4.Nf3 e5 5.dxe5 Bb4+ 6.Bd2 Bxd2+ 7.Qxd2 Be6
8.Nc3 Qxd2+ 9.Nxd2 Nxe5 10.Nb5 Kd8 11.e4 a6 12.Nd4 Bd7 13.Nc4 Nxc4 14.Bxc4 Ke7
15.b4 Nf6 16.O-O Rhd8 17.e5 Ng4 18.Rfe1 Nh6 19.Rac1 Ba4 20.Nf3 Bc6 21.Ng5 Rd2
22.h3 Rad8 23.Bb3 R8d4 24.e6 f6 25.Nf3 Bxf3 26.Rxc7+ Kd8 27.e7+ Kxc7 28.e8=Q Bc6
29.Qe7+ Rd7 30.Qe3 R2d4 31.Qg3+ Kb6 32.Be6 Rd3 33.Re3 Rd1+ 34.Kh2 R7d2 35.a4 Bxa4
36.Qxg7 Bc6 37.Qxh6 Rxf2 38.Rg3 Rff1 39.Qe3+ Kb5 40.Qc5+  1-0

[Event "Wichern op"]
[Site "Hamburg"]
[Date "1995.??.??"]
[Round "5"]
[White "Gustafsson, Jan"]
[Black "Reefschlaeger, Helmut"]
[Result "1/2-1/2"]
[WhiteElo "2205"]
[BlackElo "2370"]

1.d4 d5 2.c4 Nc6 3.Nf3 Bg4 4.cxd5 Bxf3 5.dxc6 Bxc6 6.Nc3 e6 7.e4 Bb4 8.f3 Qh4+
9.g3 Qf6 10.Be3 O-O-O 11.Bd3 Ba5 12.O-O Bb6 13.Ne2 e5 14.Qc1 Ne7 15.d5 Bd7
16.Kg2 Kb8 17.a4 Bxe3 18.Qxe3 c6 19.Nc3 h5 20.f4 cxd5 21.Nxd5 Nxd5 22.exd5 exf4
23.Qxf4+ Qxf4 24.Rxf4 f6 25.Be2 Rc8 26.Rf2 h4 27.Bf3 a5 28.Re2 g5 29.d6 g4
30.Bd5 Rc5 31.Be6 Bc6+ 32.Kf2 Bf3 33.Rd2 Re5 34.d7 hxg3+ 35.Kxg3 Kc7 36.Rc1+ Bc6
37.Bxg4 Re3+ 38.Kf4 Re4+ 39.Kf5 Rxa4 40.h3 Kd8 41.Kxf6 Rf8+ 42.Kg5 Rg8+ 43.Kh4 Rg7
44.Kg3 Bxd7 45.Rcd1 Raxg4+ 46.hxg4 Rxg4+  1/2-1/2

[Event "Harkany op "]
[Site "Harkany"]
[Date "1995.??.??"]
[Round "?"]
[White "Portisch, Ferenc"]
[Black "Kakuk, Sandor"]
[Result "1/2-1/2"]
[WhiteElo "2385"]
[BlackElo "2240"]

1.d4 d5 2.c4 Nc6 3.Nf3 Bg4 4.cxd5 Bxf3 5.gxf3 Qxd5 6.e3 e5 7.Nc3 Bb4 8.Bd2 Bxc3
9.bxc3 Qd6 10.Qb3 Nge7 11.h4 O-O 12.h5 h6 13.Bd3 Kh8 14.O-O-O b5 15.Qxb5 Qa3+
16.Qb2 Qd6 17.Qb5 Qa3+ 18.Qb2  1/2-1/2

[Event "Hastings Challengers9596"]
[Site "Hastings"]
[Date "1995.??.??"]
[Round "5"]
[White "Giddins, Stephen"]
[Black "Ryan, Joseph"]
[Result "0-1"]
[WhiteElo "2345"]
[BlackElo "2210"]

1.d4 d5 2.c4 Nc6 3.Nc3 dxc4 4.Nf3 Nf6 5.e4 Bg4 6.Be3 e6 7.Bxc4 Bb4 8.Qc2 O-O
9.Rd1 Qe7 10.Be2 e5 11.d5 Nd4 12.Bxd4 exd4 13.Rxd4 Rfe8 14.O-O Bxc3 15.bxc3 Nxe4
16.Rb1 Bxf3 17.Bxf3 Ng5 18.Qd3 Qe1+ 19.Rxe1 Rxe1+ 20.Qf1 Nxf3+ 21.gxf3 Rxf1+
22.Kxf1 Kf8 23.Rb4 b6 24.Rh4 h6 25.Rc4 Rc8 26.h4 h5 27.Ke2 Ke7 28.Kd3 Kd6
29.Rf4 Rf8 30.Rf5 g6 31.Rg5 Re8 32.f4 Re1 33.f5 Rd1+ 34.Ke4 Rxd5  0-1

[Event "Helsinki"]
[Site "Helsinki"]
[Date "1995.??.??"]
[Round "?"]
[White "Yrjola, Jouni"]
[Black "Manninen, Marko"]
[Result "1/2-1/2"]
[WhiteElo "2440"]
[BlackElo "2365"]

1.d4 d5 2.c4 Nc6 3.Nc3 dxc4 4.Nf3 Nf6 5.Bg5 h6 6.Bxf6 exf6 7.e3 Bd6 8.Nd2 O-O
9.Nxc4 f5 10.g3 Re8 11.Be2 Ne7 12.O-O c6 13.Nxd6 Qxd6 14.Bc4 Be6  1/2-1/2

[Event "Hlohovec op"]
[Site "Hlohovec"]
[Date "1995.??.??"]
[Round "?"]
[White "Zavadsky, Peter"]
[Black "Bulla, Peter"]
[Result "0-1"]
[WhiteElo "2330"]
[BlackElo "2020"]

1.d4 d5 2.c4 Nc6 3.cxd5 Qxd5 4.Nf3 e5 5.Nc3 Bb4 6.dxe5 Qxd1+ 7.Kxd1 Bf5 8.e4 O-O-O+
9.Kc2 Bg6 10.Bd3 Nge7 11.Be3 Bh5 12.e6 Ba5 13.a3 fxe6 14.Bc4 e5 15.Be6+ Kb8
16.Rad1 Nd4+ 17.Bxd4 Bxf3 18.gxf3 exd4 19.Ne2 Rd6 20.Bh3 Rhd8 21.Kd3 c6 22.f4 Rh6
23.Bg2 Rh4 24.f5 Bc7 25.Ng3 c5 26.Kc4 a6 27.Kxc5 Rh6 28.Kc4 d3 29.Bf1 Rc6+
30.Kb3 Be5 31.Ka2 Rc2 32.Rb1 Nc6 33.Rg1 Na5 34.f4 Bxf4 35.Rg2 Nc4 36.Nh5 Be5
37.Rxc2 dxc2 38.Rc1 Ne3 39.Be2 Rd2 40.Bf3 Rf2 41.Bh1 Rxh2 42.Bf3 Rf2 43.Bh1 Rf1  0-1

[Event "Hlohovec op"]
[Site "Hlohovec"]
[Date "1995.??.??"]
[Round "?"]
[White "Polak, Tomas"]
[Black "Bulla, Peter"]
[Result "1-0"]
[WhiteElo "2420"]
[BlackElo "2020"]

1.d4 d5 2.c4 Nc6 3.Nf3 Bg4 4.Nc3 Nf6 5.cxd5 Nxd5 6.e4 Nxc3 7.bxc3 Na5 8.Be2 f6
9.O-O Bd7 10.d5 c6 11.c4 Qc7 12.Bd2 e5 13.d6 Qd8 14.Qa4 b6 15.Bxa5 c5 16.Qa3 bxa5
17.Qxc5 Qb6 18.Qd5 Rc8 19.Nxe5 fxe5 20.Qxe5+ Kf7 21.Bh5+ g6 22.Qxh8 gxh5
23.Qxh7+ Bg7 24.Qxh5+ Kf8 25.e5 Rxc4 26.Qf3+ Ke8 27.Qd5 Bb5 28.d7+ Ke7 29.Rad1 Qd8
30.Qd6+ Kf7 31.e6+ Kf6 32.e7+  1-0

[Event "HUN-chT1"]
[Site "HUN"]
[Date "1995.??.??"]
[Round "?"]
[White "Portisch, Ferenc"]
[Black "Ruck, Tamas"]
[Result "0-1"]
[WhiteElo "2390"]
[BlackElo "2265"]

1.d4 d5 2.c4 Nc6 3.e3 e5 4.cxd5 Qxd5 5.Nc3 Bb4 6.Bd2 Bxc3 7.bxc3 Qd6 8.Rb1 Nge7
9.Ne2 O-O 10.Ng3 b6 11.Bd3 Be6 12.Ne4 Qd7 13.Ng5 Bf5 14.Qc2 h6 15.Nf3 Bxd3
16.Qxd3 Qg4 17.e4 Rad8 18.O-O Qg6 19.Qe3 f5 20.Nxe5 Nxe5 21.dxe5 f4 22.Qe1 f3
23.g3 Qe6 24.Kh1 Ng6 25.Rg1 Nxe5 26.Bf4 Nd3 27.Qe3 Qxe4 28.Rbf1 Qd5 29.Bxc7 Rfe8
30.Qd4 Qxd4 31.cxd4 Rxd4 32.g4 Re2 33.Bg3 Rxg4 34.h3 Rg5 35.a4 Ra2 36.h4 Rg4
37.Kh2 h5 38.Kh3 Raxa4 39.Rd1 Nf4+ 40.Kh2 Ne2  0-1

[Event "HUN-chT1"]
[Site "HUN"]
[Date "1995.??.??"]
[Round "?"]
[White "Mann, Gerald"]
[Black "Ruck, Tamas"]
[Result "1/2-1/2"]
[WhiteElo "2350"]
[BlackElo "2265"]

1.d4 d5 2.c4 Nc6 3.Nc3 dxc4 4.d5 Ne5 5.f4 Ng4 6.e4 e5 7.f5 h5 8.Nh3 Bc5 9.Qa4+ Bd7
10.Qxc4 Bb6 11.Bg5 N8f6 12.Qd3 Qe7 13.O-O-O O-O-O 14.Kb1 Qc5 15.Be2 Ne3 16.Bxe3 Qxe3
17.Qxe3 Bxe3 18.Rd3 Bh6 19.Rf1 Rhf8 20.Nf2 g6 21.g4 Rh8 22.h3 Bf4 23.Rdd1 hxg4
24.hxg4 gxf5 25.exf5 Be3 26.Nfe4 Nxe4 27.Nxe4 Rh2 28.Bd3 Rg2 29.Nf6 Bd4 30.Bc2 Bb5
31.Rh1 c6 32.dxc6 Bxc6 33.Rh7 e4 34.Nxe4 Rxc2 35.Kxc2 Bxe4+ 36.Kb3 f6 37.Kc4 Be5
38.Rxd8+ Kxd8 39.b3 Bf3 40.Rg7 Ke8 41.Kd3 Bf4 42.Kd4 Bg5 43.b4 Kf8 44.Rc7 Bf4
45.Rh7 Bd6 46.b5 Ke8  1/2-1/2

[Event "Ilioupolis"]
[Site "Ilioupolis"]
[Date "1995.??.??"]
[Round "8"]
[White "Grivas, Efstratios"]
[Black "Rama, Lorenc"]
[Result "1-0"]
[WhiteElo "2460"]
[BlackElo "2290"]

1.d4 d5 2.c4 Nc6 3.e3 e5 4.cxd5 Qxd5 5.Nc3 Bb4 6.Bd2 Bxc3 7.bxc3 Qd6 8.Ne2 Nf6
9.Ng3 O-O 10.Be2 Ne7 11.O-O c5 12.dxe5 Qxe5 13.f3 Ned5 14.Qc1 Qe7 15.e4 Nc7
16.a4 Bd7 17.Bf4 Rfc8 18.Rd1 Nce8 19.e5  1-0

[Event "Katowice op"]
[Site "Katowice"]
[Date "1995.??.??"]
[Round "9"]
[White "Gorjatschkin, Wjatscheslaw"]
[Black "Masternak, Grzegorz"]
[Result "0-1"]
[WhiteElo "2440"]
[BlackElo "2350"]

1.d4 d5 2.c4 Nc6 3.Nc3 dxc4 4.d5 Ne5 5.Qd4 Ng6 6.Nf3 e6 7.e4 exd5 8.exd5 Nf6
9.Bxc4 Bd6 10.O-O O-O 11.Bg5 h6 12.Bxf6 Qxf6 13.Qxf6 gxf6 14.Ne4 Kg7 15.Nxd6 cxd6
16.Nd4 a6 17.Rfe1 Bd7 18.Bd3 Rac8 19.Bf5 Rfd8 20.Rac1 Rxc1 21.Rxc1 Ne7 22.Be4 f5
23.Bf3 Kf6 24.Ne2 Rc8 25.Nc3 b5 26.h3 a5 27.Rd1 Rc4 28.a3 b4 29.axb4 axb4
30.Ne2 Rc2 31.b3 Ng6 32.Nd4 Rc3 33.Be2 f4 34.Kh2 Ne7 35.Bc4 Nf5 36.Nc2 Rxc2  0-1

[Event "SLO-chT qual"]
[Site "Kranj"]
[Date "1995.??.??"]
[Round "?"]
[White "Rodman, Franc"]
[Black "Buha, D."]
[Result "1-0"]
[WhiteElo "2155"]
[BlackElo "1860"]

1.d4 d5 2.c4 Nc6 3.Nf3 Bg4 4.Nc3 e6 5.Bf4 Bb4 6.Ne5 Nxe5 7.Bxe5 Bxc3+ 8.bxc3 f6
9.Bg3 Ne7 10.f3 Bf5 11.e3 c6 12.Be2 O-O 13.O-O Re8 14.Re1 Qa5 15.Qb3 Kh8
16.Qb4 Qxb4 17.cxb4 Bg6 18.b5 Nf5 19.Bf2 dxc4 20.bxc6 b5 21.e4 Ne7 22.c7 f5
23.Bg3 fxe4 24.fxe4 Bxe4 25.Bxc4 bxc4 26.Rxe4 Nd5 27.Rae1 c3 28.Rxe6 Rf8
29.Rc6 Kg8 30.Rc5 Nb4 31.Rxc3 Nxa2 32.Rc4 a5 33.Bd6 Rfc8 34.Ra1 Ra6 35.Ba3 Rb6
36.Rxa2 Rb1+ 37.Bc1 Rb7 38.Bf4 Rb1+ 39.Kf2 Rb5 40.Rc5 Rb4 41.Rd5 Rf8 42.Rd8 Rc4
43.Rxf8+ Kxf8 44.Rxa5 Ke7 45.Ra8 Kd7 46.Rd8+  1-0

[Event "Kuopio op1"]
[Site "Kuopio"]
[Date "1995.??.??"]
[Round "?"]
[White "Allekand, Louisa"]
[Black "Fomina, Tatyana"]
[Result "0-1"]
[WhiteElo "2015"]
[BlackElo "2295"]

1.d4 d5 2.c4 Nc6 3.cxd5 Qxd5 4.Nf3 e5 5.Nc3 Bb4 6.dxe5 Qxd1+ 7.Kxd1 Bg4 8.Bf4 Nge7
9.Bg3 Ng6 10.h3 Bxf3 11.exf3 Ngxe5 12.Bb5 O-O-O+ 13.Kc1 a6 14.Bxc6 Nxc6 15.a3 Bxc3
16.bxc3 Na5 17.Kc2 Nc4 18.Kb3 b5 19.a4 Kb7 20.axb5 axb5 21.Bf4 Rhe8 22.Rhe1 Kb6
23.Kc2 c5 24.g4 Re6 25.Re4 Rde8 26.Rae1 Kc6 27.h4 Nb6 28.Bc1 c4 29.Rxe6+ Rxe6
30.Rxe6+ fxe6 31.f4 Nd5 32.Bd2 g6 33.Kb2 b4 34.cxb4 Kb5 35.Ka3 c3 36.Be1 Kc4
37.b5 Nb6 38.Ka2 Kb4 39.Kb1  0-1

[Event "La Coruna TH op"]
[Site "La Coruna"]
[Date "1995.??.??"]
[Round "4"]
[White "Giorgadze, Giorgi"]
[Black "Armas, Jorge"]
[Result "1/2-1/2"]
[WhiteElo "2605"]
[BlackElo "2425"]

1.d4 d5 2.c4 Nc6 3.e3 dxc4 4.Bxc4 Nf6 5.Nf3 a6 6.O-O Bg4 7.Qb3 e6 8.Ne5 Nxe5
9.dxe5 Nd7 10.Qxb7 Nxe5 11.f4 Nd7 12.h3 Bh5 13.Qc6 Bd6 14.Nc3 Rb8 15.Bxa6 Rb6
16.Qa4 O-O 17.Be2 Bxe2 18.Nxe2 Nf6 19.Nc3 e5 20.f5 e4 21.a3  1/2-1/2

[Event "Liechtenstein op"]
[Site "Liechtenstein"]
[Date "1995.??.??"]
[Round "2"]
[White "Baburin, Alexander"]
[Black "Grabher, Heinz"]
[Result "1-0"]
[WhiteElo "2495"]
[BlackElo "2265"]

1.d4 d5 2.c4 Nc6 3.Nc3 dxc4 4.Nf3 Nf6 5.e4 Bg4 6.Be3 e6 7.Bxc4 Bb4 8.Qc2 Bxf3
9.gxf3 Qe7 10.a3 Ba5 11.Bb5 O-O 12.O-O-O Bb6 13.Bxc6 bxc6 14.Ne2 Qe8 15.Kb1 Rd8
16.Rc1 e5 17.Rhd1 Rd6 18.dxe5 Rxd1 19.Rxd1 Qxe5 20.Nd4 Qxh2 21.Nxc6 h5 22.e5 Bxe3
23.fxe3 Qxc2+ 24.Kxc2 Ne8 25.Nxa7 g6 26.Nc6 Ng7 27.f4 Nf5 28.Kd3 Kg7 29.a4 h4
30.a5 h3 31.Rh1 Ra8 32.b4  1-0

[Event "Linares zt"]
[Site "Linares"]
[Date "1995.??.??"]
[Round "5"]
[White "Van der Sterren, Paul"]
[Black "Piket, Jeroen"]
[Result "1/2-1/2"]
[WhiteElo "2545"]
[BlackElo "2625"]

1.d4 d5 2.c4 Nc6 3.Nc3 dxc4 4.e3 e5 5.Nf3 exd4 6.exd4 Nf6 7.Bxc4 Bd6 8.O-O O-O
9.h3 h6 10.a3 Bf5 11.Re1 a6 12.d5 Ne7 13.b4 Re8 14.Bb2 Ng6 15.Qd4 Rxe1+ 16.Rxe1 Qf8
17.Bc1 Re8 18.Rxe8 Qxe8 19.Be3 Ne5 20.Be2 Nxf3+ 21.Bxf3 Qe5 22.Qxe5 Bxe5
23.Bd2 Ne8 24.Na4 Nd6 25.Nc5 Kf8 26.a4 Ke7 27.a5 Bb1  1/2-1/2

[Event "Litomysl op"]
[Site "Litomysl"]
[Date "1995.??.??"]
[Round "2"]
[White "Piza, Vlastimil"]
[Black "Jackova, Jana"]
[Result "1/2-1/2"]
[WhiteElo "2280"]
[BlackElo "1880"]

1.d4 d5 2.c4 Nc6 3.Nf3 Bg4 4.cxd5 Bxf3 5.gxf3 Qxd5 6.e3 e6 7.Nc3 Bb4 8.Bd2 Bxc3
9.Bxc3 Nf6 10.Bg2 O-O 11.O-O Rad8 12.Kh1 Qh5 13.f4 Qh4 14.Qf3 Ne7 15.Qg3 Qh6
16.Qg5 Qxg5 17.fxg5 Nfd5 18.Bd2 c6 19.Rac1 Rfe8 20.e4 Nb6 21.Be3 Nec8 22.Rfd1 f5
23.gxf6 gxf6 24.b3 Nd6 25.a4 f5 26.f3 Rd7 27.a5 Nbc8 28.a6 Ne7 29.Bg5 bxa6
30.Bxe7 Rexe7 31.Rxc6 Nb5 32.exf5 exf5 33.Bf1 Nxd4 34.Bc4+ Kf8 35.Rg1 Re3
36.Rc5 Ne6 37.Rxf5+ Rf7 38.Rxf7+ Kxf7 39.Ra1 Ke8 40.Rxa6 Nc5 41.Rxa7 Nxb3
42.Kg2 Nd2 43.Bb5+ Kf8 44.Ra2 Nxf3 45.Rf2 Kg7 46.Rxf3 Rxf3 47.Kxf3  1/2-1/2

[Event "ESP-chJ"]
[Site "Los Barrios"]
[Date "1995.??.??"]
[Round "1"]
[White "Rios, J."]
[Black "Del Prado, JS."]
[Result "0-1"]
[WhiteElo "1945"]
[BlackElo "2195"]

1.d4 d5 2.c4 Nc6 3.Nf3 Bg4 4.e3 e6 5.Nc3 Bb4 6.Be2 Nf6 7.a3 Bxc3+ 8.bxc3 O-O
9.O-O Ne4 10.Qc2 Na5 11.cxd5 exd5 12.c4 c6 13.h3 Bh5 14.Bd3 Bxf3 15.gxf3 Ng5
16.Kg2 dxc4 17.Bxc4 Nxc4 18.Qxc4 Qf6 19.f4 Ne4 20.Qe2 Rad8 21.Bb2 Rd5 22.Rh1 Qh4
23.Rag1 Rb5 24.Kf1 Qxf2+ 25.Qxf2 Nxf2 26.Kxf2 Rxb2+ 27.Kf3 f5 28.Rb1 Rxb1
29.Rxb1 Rf7 30.Rc1 Rd7 31.a4 a5 32.Ke2 Kf7 33.Kd3 h6 34.h4 Kg6 35.Rh1 b5
36.h5+ Kf6 37.Rc1 Rd6 38.axb5 cxb5 39.Rc5 Rb6 40.Kc3 g6 41.hxg6 Kxg6 42.d5 Rb8
43.Rc6+ Kg7 44.Rc7+ Kf6 45.Rc6+ Ke7 46.Rxh6 b4+ 47.Kb2 Rb5 48.Re6+ Kd7 49.Re5 a4
50.d6 a3+ 51.Kb3 Rb8 52.Rd5 Ra8 53.Ka2 b3+ 54.Ka1 b2+  0-1

[Event "CRO-chT"]
[Site "Makarska Tucepi"]
[Date "1995.??.??"]
[Round "?"]
[White "Macek, Vlasta"]
[Black "Roschina, Tatiana"]
[Result "1-0"]
[WhiteElo "2255"]
[BlackElo "2315"]

1.d4 d5 2.c4 Nc6 3.e3 e5 4.Nf3 Bg4 5.dxe5 dxc4 6.Qxd8+ Rxd8 7.Bxc4 Nxe5 8.Be2 Nd3+
9.Bxd3 Rxd3 10.h3 Bh5 11.Nc3 Bb4 12.Bd2 f6 13.a3 Ba5 14.b4 Bb6 15.Na4 Ne7
16.Nxb6 axb6 17.Ke2 Rd7 18.Bc3 Nd5 19.Bb2 c5 20.bxc5 bxc5 21.Rhc1 Rc7 22.g4 Bf7
23.Nd2 Ke7 24.a4 b6 25.Ne4 Rhc8 26.g5 Bg6 27.gxf6+ gxf6 28.f3 Nb4 29.Bxf6+ Ke6
30.Bc3 Nd5 31.Bd2 Be8 32.Nf2 Ra7 33.e4 Ne7 34.a5 b5 35.Be3 Rca8 36.Rxc5 Rxa5
37.Rxa5 Rxa5 38.Bd2 Ra2 39.Nd3 Nc6 40.Ke3 Ra3 41.Rc3 b4 42.Rxa3 bxa3 43.f4 Bf7
44.Bc3 a2 45.f5+ Ke7 46.e5 Bc4 47.Nc5 Ke8 48.e6 Nb4 49.Kd4 Bxe6 50.Nxe6 Nc2+
51.Ke5 Kf7 52.Ng5+ Kg8 53.Ke6 a1=Q 54.Bxa1 Nxa1 55.f6 Nb3 56.Ke7  1-0

[Event "Capablanca mem-C"]
[Site "Matanzas"]
[Date "1995.??.??"]
[Round "10"]
[White "Fraschini, Mariano"]
[Black "Andonovski, Ljubisa"]
[Result "1-0"]
[WhiteElo "2350"]
[BlackElo "2290"]

1.d4 d5 2.c4 Nc6 3.Nf3 Bg4 4.Qa4 Bxf3 5.gxf3 e6 6.Bf4 dxc4 7.Nc3 Bb4 8.e3 a6
9.Rg1 Ne7 10.h4 Nf5 11.h5 b5 12.Qc2 Bd6 13.Qe4 Nce7 14.h6 gxh6 15.Be5 Rf8
16.a3 c6 17.Bh3 f6 18.Rd1 Qc7 19.Bxd6 Qxd6 20.Bxf5 Nxf5 21.d5 Qe5 22.dxe6 Qxe4
23.fxe4 Ne7 24.Rd7 Rd8 25.Ra7 Ng6 26.Rxg6 hxg6 27.e7 Rc8 28.exf8=Q+ Kxf8
29.Rxa6 h5 30.Ne2 h4 31.Kf1 g5 32.Nd4 c5 33.Nxb5 Rb8 34.a4 Kg7 35.Kg2 g4
36.Rc6 Rd8 37.Rxc5 Rd2 38.Kg1 Rd1+ 39.Kh2 Rd2 40.Kg1 Rd1+ 41.Kg2 Rd2 42.Nd4 h3+
43.Kg3 Rd1 44.Rf5  1-0

[Event "Melbourne Masters"]
[Site "Melbourne"]
[Date "1995.??.??"]
[Round "1"]
[White "Reilly, Tim"]
[Black "Levi, Eddy"]
[Result "1-0"]
[WhiteElo "2350"]
[BlackElo "2235"]

1.d4 d5 2.c4 Nc6 3.Nc3 e5 4.cxd5 Nxd4 5.e3 Nf5 6.Nf3 f6 7.e4 Nd6 8.Bd3 Ne7
9.Nh4 g6 10.O-O Bg7 11.f4 Nf7 12.Nf3 exf4 13.Bxf4 a6 14.Qa4+ Bd7 15.Qb3 b6
16.Rae1 O-O 17.e5 fxe5 18.Nxe5 Nxe5 19.Bxe5 Rxf1+ 20.Bxf1 Bxe5 21.Rxe5 Nf5
22.d6+ Kg7 23.Nd5 cxd6 24.Re4 b5 25.Qc3+ Kf7 26.g4 Rc8 27.Qd2 Qh4 28.Bg2 Nh6
29.Rf4+ Kg8 30.Nf6+ Kg7 31.Nxd7 Nxg4 32.Qd4+ Kh6 33.Rxg4 Rc1+ 34.Bf1 Rxf1+
35.Kxf1 Qh3+ 36.Kg1  1-0

[Event "USA-ch"]
[Site "Modesto"]
[Date "1995.??.??"]
[Round "7"]
[White "Gurevich, Dmitry"]
[Black "Khmelnitsky, Igor N"]
[Result "0-1"]
[WhiteElo "2525"]
[BlackElo "2490"]

1.d4 d5 2.c4 Nc6 3.Nf3 Bg4 4.cxd5 Bxf3 5.dxc6 Bxc6 6.Nc3 e6 7.e4 Bb4 8.f3 f5
9.exf5 exf5 10.Be2 Qh4+ 11.g3 Qe7 12.Qd3 Nf6 13.a3 Ba5 14.Qxf5 Bxc3+ 15.bxc3 O-O
16.Qd3 Rae8 17.Ra2 Ng4 18.O-O Ne3 19.Rf2 Bd5 20.Ra1 Nc4 21.a4 a5 22.Qd1 Qd7
23.Bf4 Qc6 24.Rb1 Rxe2 25.Rxe2 Bxf3 26.Rb5 b6 27.Qe1 Bxe2 28.Qxe2 Re8 29.Qf1 Nd6
30.Bxd6 Qxd6 31.Rf5 Qc6 32.Qf3 Re1+ 33.Kf2 Qxf3+ 34.Rxf3 Ra1 35.Ke3 Rxa4
36.Rf5 Ra2 37.Rd5 Rxh2 38.Rd8+ Kf7 39.Rd7+ Kf6 40.Rxc7 Rb2 41.Ke4 h5 42.Rc6+ Kg5
43.d5 a4 44.Rc7 g6 45.Ra7 Rg2 46.d6 Kf6 47.Kd5 Rxg3 48.Rxa4 g5 49.Rc4 b5
50.Rc5 Rd3+ 51.Ke4 Rxd6 52.Rf5+ Kg6 53.Rxb5 Re6+ 54.Kd5 Re1 55.Rb8 h4 56.Rh8 Kf5
57.c4 Rd1+ 58.Kc6 Kf4 59.c5 Kg3 60.Ra8 h3  0-1

[Event "Moscow6"]
[Site "Moscow"]
[Date "1995.??.??"]
[Round "2"]
[White "Neverov, Valeriy"]
[Black "Barskij, Vladimir"]
[Result "1-0"]
[WhiteElo "2485"]
[BlackElo "2355"]

1.d4 d5 2.c4 Nc6 3.e3 e5 4.Nf3 exd4 5.exd4 Bg4 6.Nc3 Bb4 7.Be2 Nf6 8.O-O O-O
9.a3 Bxc3 10.bxc3 dxc4 11.Bxc4 Ne4 12.Qc2 Bxf3 13.gxf3 Nd6 14.Bd3 Qh4 15.Kh1 Qh3
16.Qd1 Ne7 17.Rg1 Ndf5 18.Rb1 b6 19.Rb5 Rad8 20.Bf1 Qh4 21.Bg5 Qxf2 22.Rg2 Ne3
23.Rxf2 Nxd1 24.Rc2 f6 25.Bd2 c5 26.Rb1 cxd4 27.Rxd1 d3 28.Ra2 Rd5 29.c4  1-0

[Event "Moscow-ch op"]
[Site "Moscow"]
[Date "1995.??.??"]
[Round "4"]
[White "Notkin, Maksim"]
[Black "Rychagov, Andrei"]
[Result "1/2-1/2"]
[WhiteElo "2520"]
[BlackElo "2310"]

1.d4 d5 2.c4 Nc6 3.Nc3 dxc4 4.Nf3 Nf6 5.Bg5 h6 6.Bxf6 exf6 7.e3 Be7 8.Bxc4 O-O
9.a3 Na5 10.Ba2 b6 11.O-O Nb7 12.Qc2 c5 13.Rad1 Qe8 14.Bb1 g6 15.Ba2 Kg7
16.h3 Bd7 17.dxc5 Nxc5 18.b4 Ne6 19.Qb2 Rd8 20.Nd2 Bc6 21.Nde4 Ng5 22.Nxg5 hxg5
23.Nd5  1/2-1/2

[Event "Moscow6"]
[Site "Moscow"]
[Date "1995.??.??"]
[Round "6"]
[White "Kiriakov, Petr"]
[Black "Barskij, Vladimir"]
[Result "1/2-1/2"]
[WhiteElo "2495"]
[BlackElo "2355"]

1.d4 d5 2.c4 Nc6 3.Nc3 dxc4 4.Nf3 Nf6 5.e3 e5 6.Bxc4 exd4 7.exd4 Bd6 8.Qe2+ Qe7
9.Qxe7+ Nxe7 10.O-O c6 11.Re1 O-O 12.Bg5 Ned5 13.Bxd5 cxd5 14.Bxf6 gxf6 15.Nxd5 Kg7
16.g3 Bd7 17.Ne3 Rac8 18.a3 Rfd8 19.Rac1 Bc7 20.Nh4 Ba5 21.Rxc8 Rxc8 22.b4 Bb6
23.Nhf5+ Kf8 24.Nd6 Rc6 25.Nxb7 Bxd4 26.Rd1 Bxe3 27.Rxd7 Rc1+ 28.Kg2 Rc2
29.Nd6 Rxf2+ 30.Kh3 Kg7 31.Rxf7+ Kg6 32.Re7 Bb6 33.Nc8 Ra2 34.Nxb6 axb6 35.Ra7 h5
36.Ra6 Kg5 37.Ra8 b5 38.Rg8+ Kh6 39.Rh8+ Kg6 40.Rg8+ Kh6 41.Ra8 Kg5 42.Ra5 f5
43.Ra8 Kf6 44.Ra6+ Ke5 45.Ra5 Ke4 46.Rxb5 Rxa3 47.Kh4 Ra2 48.h3 Ra3 49.Rb8 Rb3
50.b5 Kf3 51.b6 Rb4+ 52.Kxh5 Kxg3 53.b7 Kxh3 54.Kg5 f4 55.Rh8+ Kg2 56.b8=Q Rxb8
57.Rxb8 f3 58.Kf4 f2 59.Rb2 Kg1 60.Rxf2  1/2-1/2

[Event "Moscow op2"]
[Site "Moscow"]
[Date "1995.??.??"]
[Round "6"]
[White "Baikov, Vladimir A"]
[Black "Ivanov, Mikhail Y"]
[Result "1-0"]
[WhiteElo "2370"]
[BlackElo "2280"]

1.d4 d5 2.c4 Nc6 3.Nc3 dxc4 4.d5 Ne5 5.Qd4 Ng6 6.e4 e5 7.Qxc4 a6 8.Nf3 Bd6
9.Be2 Nf6 10.O-O O-O 11.g3 Qe7 12.b3 Bd7 13.Bb2 h6 14.Rfd1 Rae8 15.a4 Nh7
16.Re1 f5 17.exf5 Bxf5 18.Ne4 Kh8 19.Nfd2 Nf6 20.Bd3 Nd7 21.Qc2 Bb4 22.Re2 Nb6
23.Nc3 Bxc3 24.Bxc3 Bxd3 25.Qxd3 Qg5 26.Kh1 Qf5 27.Qxf5 Rxf5 28.d6 cxd6 29.Ne4 Re6
30.Ba5 Nd5 31.Rd1 Nge7 32.Bd8 Rf3 33.Red2 Nf6 34.Nxf6 Rfxf6 35.Kg2 e4 36.Re2 Rf7
37.Rd4 Nc6 38.Rdxe4 Rxe4 39.Rxe4 d5 40.Re8+ Kh7 41.Bb6 h5 42.f4 h4 43.Re6 hxg3
44.hxg3 Rd7 45.Kf3 g6 46.Ke3 Ne7 47.Kd3 Nc6 48.Bc5 Nd8 49.Re8 Kg7 50.Bb6 Nc6
51.Bd4+ Kf7 52.Rh8 Ke6 53.g4 Rf7 54.Be3 Nb4+ 55.Kc3 Nc6 56.Bd2 Rc7 57.Kd3 Ne7
58.Rh7 Rd7 59.Bc3 Nc6 60.Rh6 Kf7 61.b4 Re7 62.Rh8 Re4 63.Rh7+ Ke8 64.Rxb7 Rxf4
65.g5 Rg4 66.Bd2 Rg3+ 67.Kc2 Rg4 68.a5 Rc4+ 69.Kd1 Ne5 70.b5 axb5 71.a6 Ra4
72.a7  1-0